| 000 | 006830000a22001210004500 | ||
|---|---|---|---|
| 773 | 0 | _tPerfiles: revista de la comunidad académica UDES | |
| 100 | 1 | _aFlórez Linares, Leonidas | |
| 245 | 1 | 0 | _aReflexiones sobre la revaluación del peso colombiano y la competitividad de nuestras exportaciones |
| 300 | _aVol.0, núm.2 ( , 2005), Páginas 60-64 | ||
| 520 | _aReflexiones sobre la revaluación del peso colombiano y la competitividad de nuestras exportaciones: Introducción, Causas de la revaluación, Efectos negativos de la revaluación, Efectos positivos de la revaluación, Cómo controlar la revaluación, Qué es conducente hacer | ||
| 650 | 1 | 4 | _aECONOMÍA-COLOMBIA |
| 942 | _cANA | ||
| 999 |
_c62571 _d62571 |
||